Boardman John éd., Beazley J. D., The Lewes House Collection of Ancient Gems (now at the Museum of Fine Arts, Boston) (Studies in Classical Archaeology, 2), Oxford, The Beazley Archive and Archeopress, 2002, 1 vol. 21,5 × 30,5, 126 p., fig. ds t., 30 pl. h. t. (notice n° 1595675)
[ vue normale ]
| 000 -LEADER | |
|---|---|
| fixed length control field | 00695cam a2200145 4500500 |
| 005 - DATE AND TIME OF LATEST TRANSACTION | |
| control field | 20251228073639.0 |
| 041 ## - LANGUAGE CODE | |
| Language code of text/sound track or separate title | fre |
| 042 ## - AUTHENTICATION CODE | |
| Authentication code | dc |
| 100 10 - MAIN ENTRY--PERSONAL NAME | |
| Personal name | Zagdoun, Mary-Anne |
| Relator term | author |
| 245 00 - TITLE STATEMENT | |
| Title | Boardman John éd., Beazley J. D., The Lewes House Collection of Ancient Gems (now at the Museum of Fine Arts, Boston) (Studies in Classical Archaeology, 2), Oxford, The Beazley Archive and Archeopress, 2002, 1 vol. 21,5 × 30,5, 126 p., fig. ds t., 30 pl. h. t. |
| 260 ## - PUBLICATION, DISTRIBUTION, ETC. | |
| Date of publication, distribution, etc. | 2004.<br/> |
| 500 ## - GENERAL NOTE | |
| General note | 3 |
| 786 0# - DATA SOURCE ENTRY | |
| Note | Revue archéologique | 38 | 2 | 2004-09-01 | p. 419d-441d | 0035-0737 |
| 856 41 - ELECTRONIC LOCATION AND ACCESS | |
| Uniform Resource Identifier | <a href="https://shs.cairn.info/revue-archeologique-2004-2-page-419d?lang=fr&redirect-ssocas=7080">https://shs.cairn.info/revue-archeologique-2004-2-page-419d?lang=fr&redirect-ssocas=7080</a> |
Pas d'exemplaire disponible.




Réseaux sociaux